00306nam a2200133Ia 4500003000900000008004100009040001300050040001300063100002100076245004000097260002100137300000800158490000600166IT-RoPAU120407s9999 xx 000 0 und d aIT-RoPAU cIT-RoPAU aAngelo Montonati aMorire in Afica morire per l'Africa aEdizioni Paoline c cm v1